000 00976nac a22002777a 4500
001 BR9508240
003 BR-BrBNA
005 20240105121651.0
008 230509b bl.|||m| |||| 00| 0 por d
040 _aBR-BrBNA
_bpor
_cBiblioteca Nacional de Agricultura
072 _aC10
090 _aC10 BR9508240
100 1 _aAvila, A.F.D.
100 1 _aBorges-Andrade, J.E.
100 1 _aIrias, L.J.M.
100 1 _aQuirino, T.R.
110 1 _aEmpresa Brasileira de Pesquisa Agropecuaria, Brasilia, DF (Brasil). Depto. de Estudos e Pesquisas
_93844
245 1 _aFormation of human capital and returns on investment in manpower training by EMBRAPA
260 3 _aBrasilia, DF (Brasil):
_c1985.
300 _a74 p.
490 _aDocumentos - Empresa Brasileira de Pesquisa Agropecuaria. Depto. de Estudos e Pesquisas (Brazil)
_vno. 5
_x
650 _aRecurso Humano
650 _aTreinamento
909 _a202312
_bLúcia Elande
_c55
_dLúcia Elande
942 _2AGRIS
_n0
_cMS
999 _c286678
_d286678